00398nam a2200145Ia 4500003000400000005001700004008004100021040000900062082002000071100003300091245006700124260003200191300000900223650002000232OSt20201202155837.0190216s9999||||xx |||||||||||||| ||und|| coclc a894.8123bTHI/N aThiruvazhiode, Unnikrishnan  0aNeelamalakalile Suvarna Jnorikal /cUnnikrishnan Thiruvazhiode bDc Books,c1996.aKottayam: a134p aMalayalam Novel